Vývoj medzinárodnej investičnej pozície v Slovenskej republike

Koordinačné a unifikačné snahy Medzinárodného menového fondu pri bilancovaní vonkajších peňažných vzťahov. Význam platobnej bilancie a príručky na zostavovanie platobnej bilancie vypracované Medzinárodným menovým fondom. Medzinárodná investičná pozícia. Vývoj medzinárodnej investičnej pozície v Slov...

Celý popis

Uložené v:
Podrobná bibliografia
Hlavný autor: Jankovská, Anežka
Ďalší autori: Kolenčík, Pavol
Médium: Kapitola
Jazyk:Slovak
Predmet:
Tagy: Pridať tag
Žiadne tagy, Buďte prvý, kto otaguje tento záznam!

MARC

LEADER 00000naa$a2200000$$$4500
001 0149572
005 20240502072704.6
041 0 |a slo 
044 |a SK 
245 1 0 |a Vývoj medzinárodnej investičnej pozície v Slovenskej republike  |c Anežka Jankovská, Pavol Kolenčík 
520 |a Koordinačné a unifikačné snahy Medzinárodného menového fondu pri bilancovaní vonkajších peňažných vzťahov. Význam platobnej bilancie a príručky na zostavovanie platobnej bilancie vypracované Medzinárodným menovým fondom. Medzinárodná investičná pozícia. Vývoj medzinárodnej investičnej pozície v Slovenskej republike v rokoch 2001 až 2011. 
610 2 0 |a financie 
610 2 0 |a investície 
610 2 0 |a bilancia platobná 
610 2 0 |a vzťahy peňažné 
610 2 0 |a organizácie medzinárodné 
610 2 0 |a Slovensko 
610 2 0 |a vývoj 
610 2 0 |a Medzinárodný menový fond 
100 1 |a Jankovská, Anežka 
700 1 |a Kolenčík, Pavol